Nociones de historia del Salvador (Registro nro. 21561)
[ vista simple ]
| 000 -CABECERA | |
|---|---|
| Longitud fija campo de control | 00536nam a22001697a 4500 |
| 003 - IDENTIFICADOR DELl NÚMERO DE CONTROL | |
| Identificador del número de control | OSt |
| 005 - FECHA Y HORA DE LA ÚLTIMA TRANSACCIÓN | |
| Fecha y hora de la última transacción | 20150624213002.0 |
| 008 - CÓDIGOS DE INFORMACIÓN DE LONGITUD FIJA | |
| Códigos de información de longitud fija | 150624b1910 slv spa |
| 040 ## - FUENTE DE LA CATALOGACIÓN | |
| Centro transcriptor | BMC |
| 082 ## - NÚMERO DE LA CLASIFICACIÓN DECIMAL DEWEY | |
| Númeroo de clasificación | 972.84 |
| 100 1# - PUNTO DE ACCESO PRINCIPAL-NOMBRE DE PERSONA | |
| 9 (RLIN) | 3745 |
| Nombre de persona | Reyes, Rafael |
| Fechas asociadas al nombre | 1847-1908 |
| 245 10 - MENCIÓN DE TÍTULO | |
| Título | Nociones de historia del Salvador |
| Resto del título | : precedidas de un resumen de historia universal |
| Mención de responsabilidad, etc. | Rafael Reyes |
| 260 ## - PUBLICACIÓN, DISTRIBUCIÓN, ETC. (PIE DE IMPRENTA) | |
| Lugar de publicación, distribución, etc. | Barcelona |
| Nombre del editor, distribuidor, etc. | Tall. Gráf. de José Casamajó |
| Fecha de publicación, distribución, etc. | 1910 |
| 300 ## - DESCRIPCIÓN FÍSICA | |
| Extensión | 399 p. |
| Dimensiones | 23 cm |
| 651 24 - PUNTO DE ACCESO ADICIONAL DE MATERIA - NOMBRE GEOGRÁFICO | |
| 9 (RLIN) | 3692 |
| Nombre geográfico | El Salvador |
| Subdivisión de materia general | Historia |
| 942 ## - ENTRADA DE ELEMENTOS AGREGADOS (KOHA) | |
| Fuente de clasificaión o esquema | Dewey Decimal Classification |
| Koha [por defecto] tipo de item | 1- Monografias |
| Parte de clasificación | prozim |
| Suprimido | Perdido | Fuente de clasificación o esquema | Estropeado | Restricciones de uso | No para préstamo | Código de colección | Localización permanente | Localización actual | Localización en estanter&íacute;as | Fecha adquisición | Fuente de adquisición | Número de inventario | Préstamos totales | Signatura completa | Código de barras | Fecha última consulta | Coste, precio reemplazado | Fecha del precio de reemplazo | Tipo de item de Koha |
|---|---|---|---|---|---|---|---|---|---|---|---|---|---|---|---|---|---|---|---|
| NULL | NULL | Dewey Decimal Classification | NULL | Prestable | NULL | NULL | Biblioteca Miguel de Cervantes - UNICAES | Biblioteca Miguel de Cervantes - UNICAES | Sala Principal | 08/07/2015 | Donación - Romeo Tovar Astorga | 030092 | 972.84 REY noc | 1032436 | 08/07/2015 | 18.00 | 08/07/2015 | 1- Monografias |